|
|
|
|
| LEADER |
00866nam a2200217 a 4500 |
| 001 |
26927 |
| 008 |
130424s2012 bd b 001 0 eng |
| 020 |
|
|
|a 9789845060486
|
| 040 |
|
|
|a BD-DhAAL
|c BD-DhAAL
|
| 082 |
0 |
0 |
|a 635.04975492
|2 22
|
| 100 |
1 |
|
|a Islam, Zahirul.
|
| 245 |
1 |
4 |
|a Rice pests of Bangladesh :
|b their ecology and management /
|c Zahirul Islam and David Catling.
|
| 260 |
|
|
|a Bangladesh :
|b The University Press Ltd.,
|c c2012
|
| 300 |
|
|
|a xxvi, 422 p. :
|b ill. ;
|c 24 cm.
|
| 504 |
|
|
|a Includes bibliographical references and index.
|
| 541 |
1 |
|
|e 26927
|
| 650 |
|
0 |
|a Physical geography
|z Bangladesh.
|
| 700 |
1 |
|
|a Catling, David.
|
| 852 |
1 |
|
|a Ayesha Abed Library
|j General Shelf.
|
| 999 |
|
|
|c 13411
|d 13411
|
| 952 |
|
|
|0 0
|1 0
|2 ddc
|4 0
|6 635_049754920000000_ISL
|7 0
|9 22348
|a IGS
|b IGS
|c GEN
|d 2012-04-22
|e Prothoma
|g 1330.00
|l 0
|o 635.04975492 ISL
|p 3010026927
|r 2013-05-12
|t 1
|w 2012-04-22
|y BK
|